Most streamed songs : Dua Lipa - Statistics

General Stats
  • This quiz has been taken 166 times
    77 since last reset
  • The average score is 7 of 10
Answer Stats
Streams Song % Correct
2 499 500 000 Levitating (feat. DaBaby)
95%
2 482 000 000 New Rules
89%
3 140 000 000 Don't Start Now
80%
2 615 500 000 One Kiss (with Calvin Harris)
80%
1 260 500 000 Dance The Night
67%
2 610 500 000 Cold Heart - PNAU Remix (with Elton John and PNAU)
62%
1 824 000 000 IDGAF
62%
1 423 500 000 Break My Heart
61%
1 618 500 000 No Lie (with Sean Paul)
36%
1 470 000 000 Scared to Be Lonely (with Martin Garrix)
28%
No matching quizzes found
Score Distribution
Percent of People with Each Score
Percentile by Number Answered
Your Score History
You have not taken this quiz since the last reset